[Event "Andalucia-chA"]
[Site "Algeciras"]
[Date "2018.05.19"]
[Round "5"]
[White "Aguirre Fernandez, Carlos"]
[Black "Perez Sanchez, Antonio"]
[Result "1-0"]
[WhiteElo "1762"]
[BlackElo "1802"]
[PlyCount "69"]
[EventDate "2018.05.12"]
[EventType "swiss"]
[EventRounds "8"]
[EventCountry "ESP"]
[SourceTitle "EXT 2020"]
[Source "ChessBase"]
[SourceDate "2019.10.17"]
[SourceVersion "1"]
[SourceVersionDate "2019.10.17"]
[SourceQuality "1"]

1. d4 d5 2. c4 Bf5 3. cxd5 Bxb1 4. Qa4+ c6 5. Rxb1 Qxd5 6. Nf3 e6 7. e3 Nf6 8. Be2 Nbd7 9. a3 Nb6 10. Qc2 Nc8 11. Bc4 Qd8 12. e4 Be7 13. Bd3 h6 14. 0-0 a5 15. b3 Nb6 16. Bb2 0-0 17. Rbd1 Rc8 18. Qe2 Nh5 19. g3 g6 20. Qd2 Kh7 21. Bc1 g5 22. d5 Ng7 23. e5+ Kh8 24. d6 Bxd6 25. exd6 Qxd6 26. Bb2 f6 27. Rfe1 Qd5 28. Be4 Qxb3 29. Re3 Qb5 30. Nd4 Qa4 31. Bc2 Qc4 32. Bb3 Qa6 33. Qc2 Nd5 34. Ree1 Nc7 35. Qg6 1-0

[Event "Andalucia-chA"]
[Site "Algeciras"]
[Date "2018.05.18"]
[Round "4"]
[White "Perez Sanchez, Antonio"]
[Black "Lopez Rodriguez, Miguel Angel"]
[Result "0-1"]
[WhiteElo "1802"]
[BlackElo "1926"]
[PlyCount "74"]
[EventDate "2018.05.12"]
[EventType "swiss"]
[EventRounds "8"]
[EventCountry "ESP"]
[SourceTitle "EXT 2020"]
[Source "ChessBase"]
[SourceDate "2019.10.17"]
[SourceVersion "1"]
[SourceVersionDate "2019.10.17"]
[SourceQuality "1"]

1. d4 Nf6 2. Bf4 e6 3. e3 c5 4. c3 b6 5. Be2 Bb7 6. Nf3 Be7 7. h3 0-0 8. 0-0 d5 9. Nbd2 Nc6 10. a4 Nd7 11. Bh2 f5 12. c4 Nb4 13. Ne5 Nxe5 14. Bxe5 Nc6 15. Nf3 Nxe5 16. Nxe5 cxd4 17. exd4 Bf6 18. f4 Rc8 19. b3 Qd6 20. a5 Rfd8 21. axb6 axb6 22. Ra7 Qb8 23. Ra2 dxc4 24. Bxc4 Bd5 25. Qe2 Bxc4 26. bxc4 Rxd4 27. Nf3 Re4 28. Qd3 Rd8 29. Qb3 Rxf4 30. c5 bxc5 31. Qxe6+ Kh8 32. Qc6 Qc8 33. Qb6 c4 34. Kh1 c3 35. Ra7 Rc4 36. Rf7 Rc6 37. Qb4 c2 0-1

[Event "Andalucia-chA"]
[Site "Algeciras"]
[Date "2018.05.12"]
[Round "2"]
[White "Perez Sanchez, Antonio"]
[Black "Alba Fernandez, Nicolas"]
[Result "0-1"]
[WhiteElo "1802"]
[BlackElo "1800"]
[PlyCount "144"]
[EventDate "2018.05.12"]
[EventType "swiss"]
[EventRounds "8"]
[EventCountry "ESP"]
[SourceTitle "EXT 2020"]
[Source "ChessBase"]
[SourceDate "2019.10.17"]
[SourceVersion "1"]
[SourceVersionDate "2019.10.17"]
[SourceQuality "1"]

1. d4 Nf6 2. Bf4 e6 3. e3 b6 4. Nf3 Bb7 5. Be2 Be7 6. h3 0-0 7. 0-0 Ne4 8. Bd3 f5 9. Nbd2 d6 10. c3 Nd7 11. Qb3 Rf6 12. Bxe4 fxe4 13. Nh2 Kh8 14. Qc2 d5 15. f3 Ba6 16. Rf2 Rxf4 17. exf4 e3 18. Rff1 exd2 19. Rfd1 Bh4 20. Qxd2 Qf8 21. Qe3 Re8 22. Nf1 Bxf1 23. Rxf1 Bg3 24. a4 Qxf4 25. Qxf4 Bxf4 26. Kf2 Kg8 27. g3 Bh6 28. h4 Kf7 29. f4 Nf6 30. Rfd1 Ne4+ 31. Kf3 g6 32. Rac1 Bf8 33. Rc2 Rc8 34. Re1 c5 35. Rxe4 dxe4+ 36. Kxe4 cxd4 37. Kxd4 Bg7+ 38. Kd3 a5 39. Rh2 h5 40. Re2 Rc6 41. Re4 Kf6 42. Re5 Bf8 43. g4 hxg4 44. Rg5 Bh6 45. Rxg4 Kf5 46. Rg2 Bxf4 47. b4 axb4 48. cxb4 e5 49. a5 bxa5 50. bxa5 Ra6 51. Ra2 e4+ 52. Kd4 Bc7 53. Rf2+ Kg4 54. Kxe4 Kxh4 55. Rf7 Bxa5 56. Kf4 Bd2+ 57. Kf3 Kg5 58. Rd7 Rf6+ 59. Kg2 Bf4 60. Rd5+ Rf5 61. Rd7 Kg4 62. Rg7 g5 63. Rb7 Rd5 64. Rb3 Rd2+ 65. Kh1 Bg3 66. Rb7 Kh3 67. Rb1 Re2 68. Rd1 Re1+ 69. Rxe1 Bxe1 70. Kg1 g4 71. Kh1 g3 72. Kg1 Ba5 0-1

[Event "Jaen-ch Seniors 1st"]
[Site "Jaen"]
[Date "2018.03.18"]
[Round "3.1"]
[White "Perez Sanchez, Antonio"]
[Black "Jordan Del Molino, Jose"]
[Result "1/2-1/2"]
[WhiteElo "1802"]
[BlackElo "1761"]
[PlyCount "59"]
[EventDate "2018.03.17"]
[EventType "swiss"]
[EventRounds "6"]
[EventCountry "ESP"]
[SourceTitle "EXT 2024"]
[Source "ChessBase"]
[SourceDate "2023.10.10"]
[SourceVersion "1"]
[SourceVersionDate "2023.10.10"]
[SourceQuality "1"]

1. d4 Nf6 2. Bf4 d6 3. e3 g6 4. h3 Bg7 5. Nf3 0-0 6. Be2 Nc6 7. c3 Nd7 8. 0-0 e5 9. dxe5 Ndxe5 10. Nbd2 Qe7 11. Bg5 Bf6 12. Bh6 Bg7 13. Bg5 Bf6 14. Bh6 Bg7 15. Nxe5 Nxe5 16. Nf3 Be6 17. Kh1 c6 18. Bg5 f6 19. Bf4 Rfd8 20. Qc2 d5 21. Nd4 Bf7 22. a3 a6 23. Rad1 Rac8 24. Rfe1 c5 25. Nb3 b5 26. Bg3 Kh8 27. Nc1 Kg8 28. Rd2 Rd7 29. Qd1 Rcd8 30. Nd3 1/2-1/2